000
00289nam a2200109Ia 4500
008
200302s9999 xx 000 0 und d
100
_a
Vincent Powell-Smith
245
_a
Building Contracts Compared and Tabulated
260
_b
The Architectural Press Ltd.
260
_c
1986
300
_a
286 P.,
999
_c
757
_d
757